Responses for Show #1317 - Tuesday, May 1, 1990

Contestants

[<< previous game]

Kate Weiss, a finance supervisor from Pittsburgh, Pennsylvania

Guy Pugh, a medical student from Canton, Massachusetts

Paula Massengale, a bookkeeper from San Antonio, Texas (whose 1-day cash winnings total $9,800)

[next game >>]

Jeopardy! Round responses

1980
SINGERS
4-LETTER WORDS
BODIES OF WATER
WEIGHTS & MEASURES
THINK TWICE
    $100 8
Joseph Kennedy

Paula
    $100 1
George Michael

Paula
    $100 3
Moll

Paula
    $100 16
The Great Salt Lake

Paula
    $100 19
Carats

Paula
    $100 22
November

Guy
    $200 9
Chrysler

Paula
    $200 2
The Rolling Stones

Kate
    $200 4
Sink

Paula
    $200 17
The Gulf Stream

Guy
    $200 23
Spring

Paula
    $300 7
"Heaven's Gate"

Paula
    $300 6
George Harrison

Guy
    $300 5
Bolt

Guy
    $300 18
(G: What is the Pacific?)

Atlantic

Guy
Triple Stumper
    $300 24
(P: What are cows?)

Sheep

Paula
Triple Stumper
    $400 10
ABSCAM

Kate
    $400 12
Billy Ocean

Triple Stumper
    $400 14
Gush

Paula
    $400 20
Bay of Bengal

Guy
    $600 27
Nautical Mile

Guy
    $400 25
Dogs

Guy
    $500 11
Silver

Guy
    $500 13
(G: Who is Iggy Marley?)

Ziggy Marley

Guy
Triple Stumper
    $500 15
Trip

Kate
    $500 21
Salton Sea

Triple Stumper
    $500 28
[The end-of-round signal sounds.]
(Alex: Whoa, that does it; you won't get to pick anything else!)

1

Kate
    $500 26
(K: What is the U.S.?)
(P: What is England?)
(less than a minute to go, Guy...)

New Zealand (AKA the Kiwi Fruit)

PaulaKate
Triple Stumper

Scores at the first commercial break (after clue 15):

Paula Guy Kate
$1,400 $600 $1,100

Scores at the end of the Jeopardy! Round:

Paula Guy Kate
$1,000 $2,000 $1,100

Double Jeopardy! Round responses

LITERARY CLASSICS
AMERICAN BUSINESSMEN
HISTORY
ACTORS & THEIR ROLES
EASTERN EUROPE
SIR ISAAC NEWTON
    $200 6
(K: What is Scotland?)

England

PaulaKate
    $200 22
"E.T."

Guy
    $200 24
Londonderry

Kate
    $200 1
The Three Stooges

Paula
    $200 15
Hungary

Paula
    $200 11
Prism

Paula
    $400 7
Virgil

Paula
    $400 18
Venice

Guy
    $400 2
"Dallas"

Paula
    $400 16
East Germany

Kate
    $400 12
Newton's 3 Laws of Motion

Paula
    $2,600 8
Kama Sutra

Paula
    $600 28
[The end-of-round signal sounds.]

DuPont

Guy
    $3,000 19
(G: Who is Peter the Great?)

Nicholas II

Guy
    $600 3
Ronald Reagan

Paula
    $600 17
Bucharest (Romania)

Guy
    $600 13
(K: Who is Galileo?)

Sir Edmond Halley

Kate
Triple Stumper
    $800 9
Plutarch

Paula
    $800 23
Joseph Schaffner

Kate
    $800 20
The Peloponnesian War

Guy
    $800 4
Tom Bosley

Paula
    $800 25
Yugoslavia

Paula
    $800 14
The Shoulders of Giants

Guy
    $1000 10
"In Flanders Fields"

Triple Stumper
    $1000 27
Charles Tandy

Kate
    $1000 21
(less than a minute to go in the round...)

Incas

Paula
    $1000 5
(P: Who is Sam Waterston?)
(K: Who is Laurence Olivier?)

Ben Kingsley (won Oscar for "Gandhi" in 1982)

PaulaKate
Triple Stumper
    $1000 26
Bulgaria

Kate

Scores at the end of the Double Jeopardy! Round:

Paula Guy Kate
$8,600 $2,400 $2,700
(lock game)

[wagering suggestions for these scores]

Final Jeopardy! Round responses

U.S. STATES
[NOTE: In all of Paula's games, the contestants are already behind their podiums when they are announced by Johnny Gilbert.]
GuyWhat is Michigan?
$2,399
KateWhat is Michigan?
$2,699
PaulaWhat is Michigan?
$3,000
Michigan (borders Huron, Michigan, Erie & Superior)

Final scores:

Paula Guy Kate
$11,600 $4,799 $5,399
2-day champion: $21,400 3rd place: Maytag Jetclean dishwasher 2nd place: Bassett bedroom set

Game dynamics:

Coryat scores:

Paula Guy Kate
$6,600 $5,200 $2,700
23 R
(including 1 DD),
3 W
14 R
(including 1 DD),
3 W
(including 1 DD)
9 R,
4 W

Combined Coryat: $14,500

[game clues] [game scores] [suggest correction]

Game tape date: 1989-12-11
The J! Archive is created by fans, for fans. Scraping, republication, monetization, and malicious use prohibited; this site may use cookies and collect identifying information. See terms. The Jeopardy! game show and all elements thereof, including but not limited to copyright and trademark thereto, are the property of Jeopardy Productions, Inc. and are protected under law. This website is not affiliated with, sponsored by, or operated by Jeopardy Productions, Inc. Join the discussion at JBoard.tv.